000 00432 a2200169 4500
005 20260302120720.0
008 260302b |||||||| |||| 00| 0 eng d
020 _a9788197428111
040 _cSDCL
041 _2eng
_aeng
084 _aX.2'C R4
100 _aPandey Lalit
_91123462
245 _aEconomy in Ancient India
260 _aNew Delhi :
_bResearch India Press,
_c2024.
300 _axiii, 144p.
942 _cTEXL
_2CC
999 _c1678895
_d1678895